| 000 | 00565nam a22001697a 4500 | ||
|---|---|---|---|
| 005 | 20100927135910.0 | ||
| 008 | 100927t xxu||||| |||| 00| 0 eng d | ||
| 020 |
_a81-7541-126-0 _c195.00 |
||
| 035 | _aB-126167 | ||
| 082 | _aS-KAU | ||
| 100 |
_aKaushik, Jai Narain _921987 |
||
| 245 |
_aFolk from Harayana / _cby Jai Narain Kaushik |
||
| 260 |
_aDelhi _bShipra Publication _c2004 |
||
| 300 |
_a80p. _b22cm. (Hb) _cillu. |
||
| 942 |
_2ddc _cCH _hS-KAU |
||
| 999 |
_c47825 _d47825 |
||